MARC

LEADER 00000nam0a2200000 4500
001 122878
005 20231101215754.0
035 |a (RuTPU)RU\TPU\book\133024 
090 |a 122878 
100 |a 20071009d1966 km y0rusy50 ca 
101 0 |a rus 
102 |a RU 
105 |a a z 000zy 
200 1 |a Облегчение конструкций буровых установок при применении алюминиевых сплавов  |f Е. С. Коршунов, Г. О. Скловский, Б. Ф. Шибряев  |g Всесоюзный научно-исследовательский институт организации, управления и экономики нефтегазовой промышленности 
210 |a Москва  |c Изд-во ВНИИОЭНГ  |d 1966 
215 |a 56 с.  |c ил. 
225 1 |a Нефтепромысловое оборудование 
610 1 |a горное дело 
610 1 |a нефтегазовое оборудование 
610 1 |a бурение 
610 1 |a буровые установки 
610 1 |a конструкции 
610 1 |a детали 
610 1 |a алюминий 
675 |a 622.323.24.002.5  |v 3 
675 |a 621.7М.715  |v 3 
700 1 |a Коршунов  |b Е. С.  |g Евгений Степанович 
701 1 |a Скловский  |b Г. О. 
701 1 |a Шибряев  |b Б. Ф.  |g Борис Филиппович 
712 0 2 |a Всесоюзный научно-исследовательский институт организации, управления и экономики нефтегазовой промышленности  |2 stltpush  |3 (RuTPU)RU\TPU\col\7962  |9 24439 
801 1 |a RU  |b 63413507  |c 20071009  |g PSBO 
801 2 |a RU  |b 63413507  |c 20220701  |g PSBO 
942 |c BK